000 01084nam a22003377a 4500
003 CHAP
005 20220329135008.0
008 971013s1984 r 00010 d
010 _a29218
011 _a30190
035 _a34302
040 _cCHAP
090 _aFolleto 8947
100 0 0 _aLeonardo Ramírez, Patricia de.
_966066
245 _aIntroducción a la teoría de la educación
260 _aMéxico :
_bFerra Nova,
_c1984
300 _a95 p.
490 _aBiblioteca universitaria básica
590 _aBATCH-UPD
_b10
_c20130110
_lUCH01
_h1800
590 _aBATCH-UPD
_b10
_c20130410
_lUCH01
_h1136
590 _aBATCH-UPD
_b10
_c20130914
_lUCH01
_h1236
590 _aCONVERSION
_b10
_c20130109
_lUCH01
_h1317
650 1 4 _aEducación.
_935409
650 1 4 _aEnseñanza.
_937085
700 0 _aGuevara Niebla, Gilberto.
_951318
830 0 _aBiblioteca universitaria básica
_912478
901 _aBK
942 _cFOLL
949 _aFolleto 8947
_bBC
_cFOLL
_d-79486
_eTS1
_gI.c/e
_i34302
_si
_t2.90
949 _aFolleto 8947
_bBC
_cFOLL
_d-79487
_eTS2
_fc.2
_gI.c/e
_i34302
_si
_t2.90
999 _c29218
_d29218